000
00264nam a22001217a 4500
999
_c
160067
_d
160067
082
_a
_b
100
_a
by Nagsaran Singh.
245
_a
The smriti sandarbha (v.7)/
_c
by Nagsaran Singh.
260
_a
Delhi:
_b
Nag,
_c
300
_a
650
_a
942
_c
BK